Development and Implementation of Accounting Standards in the Insurance in Slovakia

Stručná charakteristika histórie vydávania nových účtovných štandardov IFRS od roku 2000 na Slovensku a analýza pripravenosti slovenských poisťovní pre účtovný štandard IFRS 17 z rôznych hľadísk.

Enregistré dans:
Détails bibliographiques
Auteur principal: Sakálová, Katarína, 1955-
Format: Chapitre de livre
Langue:slovaque
Sujets:
Tags: Ajouter un tag
Pas de tags, Soyez le premier à ajouter un tag!

MARC

LEADER 00000naa$a2200000$$$4500
001 0289778
005 20240502083931.6
041 0 |a slo 
044 |a CZ 
245 1 0 |a Development and Implementation of Accounting Standards in the Insurance in Slovakia  |c Katarína Sakálová 
520 |a Stručná charakteristika histórie vydávania nových účtovných štandardov IFRS od roku 2000 na Slovensku a analýza pripravenosti slovenských poisťovní pre účtovný štandard IFRS 17 z rôznych hľadísk. 
610 2 0 |a IFRS 
610 2 0 |a poisťovníctvo 
610 2 0 |a účtovníctvo 
610 2 0 |a zmluvy poistné 
610 2 0 |a metodika 
610 2 0 |a náklady 
610 2 0 |a zamestnanci 
610 2 0 |a klienti 
100 1 |a Sakálová, Katarína, 1955-